Coluche ou Bigard ? - Statistiques

Statistiques générales
  • Ce quiz a été pris 97 fois
  • Le résultat moyen est 9 sur 15
Statistiques - réponses
Question Réponse % Correct
“Si j'ai l'occasion, j'aimerais mieux mourir de mon vivant !” Coluche
80%
“Technocrates, c’est les mecs que, quand tu leur poses une question, une fois qu’ils ont fini de répondre, tu comprends plus la question que t’as posée.” Coluche
80%
"Les gros mots sont magiques." Bigard
73%
“Plus on est de fous, moins il y a de riz.” Coluche
73%
"Les élèves c'est comme le linge : quand il fait beau, ça sèche !" Bigard
67%
"La France c'est le seul pays arabe qui n'est pas en guerre." Coluche
67%
“Les politiciens, il y en a, pour briller en société, ils mangeraient du cirage.” Coluche
67%
“Gagner sa vie ne vaut pas le coup, attendu qu’on l’a déjà. Le boulot y en a pas beaucoup, faut le laisser à ceux qui aiment ça.” Coluche
67%
"C'est au pied du mur que l'on voit le mieux le mur." Bigard
60%
"Schopenhauer, écoute bien, il disait : « La vérité passe par trois étapes. Elle est d’abord raillée, contredite, moquée, théorie du complot. La deuxième, elle est carrément attaquée, jusqu’à la mort, s’il le faut. Et la troisième étape, c’est qu’elle est finalement admise comme ayant été toujours une évidence. »" Bigard
47%
“Il faut cueillir les cerises avec la queue. J'avais déjà du mal avec la main !” Coluche
47%
“Les femmes seront les égales des hommes le jour où elles accepteront d’être chauves et de trouver ça distingué.” Coluche
47%
"Quand on voit les dégâts que font les pigeons, on remercie Dieu de ne pas avoir donné d'ailes aux vaches." Bigard
40%
“Les psychiatres, c’est très efficace. Moi, avant, je pissais au lit, j’avais honte. Je suis allé voir un psychiatre, je suis guéri. Maintenant, je pisse au lit, mais j’en suis fier.” Coluche
40%
"Rien ne sert de courir, ça sert à rien du tout." Bigard
20%
Aucun quiz correspondant
Distribution des résultats
% des personnes avec chaque résultat
Percentile par nombre de réponses
Votre historique - résultats
Vous n’avez pas pris ce quiz